000 00433nam a2200181Ia 4500
001 10014
005 20260306161800.0
008 260306t2009||||xx |||||||||||||| ||spa||
041 _aESP
082 _aPE 869.56
_bS22
100 _aSánchez, Luis Alberto
_eAUT
245 0 _aValdelomar o la belle époque
260 _c2009
300 _a346 páginas :
_c22 cm.
650 _aGEN
654 _aCHU
942 _cLIB
_dJUS
_fJUS
_2ddc
_n
999 _c10014
_d10014